000 01015nam a2200241Ia 4500
999 _c56333
_d56333
001 23446
003 GE_BSU
005 20230518155417.0
008 181216s1989ge xx |||||||||||||| ||geo||
020 _a5-511-00339-5
040 _cGE_BSU
041 _ageo
080 _a94(37)(092) ს-26
100 _aსანიკიძე, ლევან
_918123
245 _aკეისარიადა /
_cლევან სანიკიძე, რედ. ნ. ლომოური. მხატვ. ი. ჩიქვინიძე
264 _aთბილისი :
_bთბილ. უნ-ტის გამ-ბა,
_c1989.
300 _a335 გვ. ;
_b 25 სმ.
653 _aკეისარიადა
653 _aძველი რომის ისტორია; იულიუს კეისარი
700 _a ლომოური, ნ
_eრედაქტორი
_918124
700 _aჩიქვინიძე, ი
_eმხატვარი
_98262
942 _cBK
_2udc